000 00554nam a2200241Ia 4500
003 OSt
005 20220912153035.0
006 a|||||r|||| 00| 0
007 ta
008 220909b |||||||| |||| 00| 0 eng d
024 _a24383
037 _cTextual
040 _aCSL
_beng
_cCSL
041 _aeng
082 _aB6:7, E3
100 _aCremona Luigi
245 0 _aElements of projective geometry
250 _a3
260 _c1913
300 _ap.
_ccm.
942 _hB6:7, E3
_cTEXL
_2CC
999 _c96925
_d96925